| 000 | 01272nam1a22003011i 4500 | ||
|---|---|---|---|
| 001 | rc\2266161 | ||
| 005 | 20260407110922.0 | ||
| 035 | _a(NLR Aleph) 008785289 | ||
| 090 |
_a8007418 _c8007418 |
||
| 100 | _a20091216g19781982|||a0rusy50 ca | ||
| 101 | 0 | _arus | |
| 102 | _aRU | ||
| 105 | _a z ||||| | ||
| 200 | 1 |
_aСборник нормативных актов Министерства цветной металлургии СССР _e[в 13 кн.] _fпод ред. С.И. Глубокина _gМ-во цвет. металлургии СССР, ЦНИИ информ. и техн.-экон. исслед. цв. металлургии |
|
| 210 |
_aМосква _d1978-1982 |
||
| 215 | _d20 | ||
| 333 | _aДСП | ||
| 606 | 1 |
_aЦветная металлургия _jЗаконы, постановления и т.п. _yСССР _92022216 _3RU\NLR\AUTH\661215555 |
|
| 686 | 0 |
_aК33б6...,0 _2rubbk |
|
| 686 | 0 |
_aУ30(2)555.2б _2rubbk |
|
| 702 | 1 |
_aГлубокин _bС. И. _4340 |
|
| 710 | 0 | 1 |
_aСССР _bМинистерство цветной металлургии _3RU\NLR\AUTH\889938456 _9371758 |
| 801 | 1 |
_aRU _bELAR _2rusmarc |
|
| 801 | 0 |
_aRU _bNLR _gpsbo |
|
| 801 | 2 |
_aRU _bNLR _c20111216 _2rusmarc |
|
| 852 |
_aNLR _j78-50К/1890 |
||
| 899 |
_aRuMoRGB _jСХ |
||
| 942 | _cBOOK | ||